00812nam a22001815i 4500001000700000003000900007005001700016008004100033110001300074245020800087260006500295300002000360490010800380500003400488710003800522830004600560852002400606172796ES-MaACL20250831061534.0090909s1933 sp |||| | spa d1 aEspaña10aAcuerdo internacional aceptando la adición de un párrafo en la regla XIX (2) del convenio internacional para la seguridad de la vida humana en el mar, que se firmó en Londres el 31 de mayo de 1929. aMadrid : b[s.n.], c1933 (fImpr. del Ministerio de Estado) a4 p. ; c24 cm.1 aPublicaciones del Ministerio de Estado. Serie A: Acuerdos y Convenios Internacionales. Año 1933 ; v8 aLa cubierta sirve de portada.1 aEspaña. bMinisterio de Estado.00aPublicaciones del Ministerio de Estadov8 aES-MaACLj2300-F-13